[Event "TUR-chT 1st League"]
[Site "Denizli"]
[Date "2023.07.14"]
[Round "8.54"]
[White "Sekerci, Berkin"]
[Black "Avsar, Gediz"]
[Result "1/2-1/2"]
[WhiteElo "1689"]
[BlackElo "1874"]
[PlyCount "84"]
[EventDate "2023.07.09"]
[EventType "team-swiss"]
[EventRounds "9"]
[EventCountry "TUR"]
[SourceTitle "CBM 215 Extra"]
[Source "ChessBase"]
[SourceDate "2023.09.30"]
[SourceVersion "1"]
[SourceVersionDate "2023.09.30"]
[SourceQuality "1"]
[WhiteTeam "Gokyay Vakfi"]
[BlackTeam "Karsiyaka Ihtisas"]
[WhiteTeamCountry "TUR"]
[BlackTeamCountry "TUR"]

1. e4 c5 2. Nf3 e6 3. d4 cxd4 4. Nxd4 a6 5. Nc3 b5 6. a3 Bb7 7. g3 Qc7 8. Bg2 d6 9. 0-0 Nf6 10. Be3 Be7 11. h3 Nbd7 12. Nb3 Ne5 13. Nd2 0-0 14. f4 Nc4 15. Nxc4 bxc4 16. g4 h6 17. g5 hxg5 18. fxg5 Nd7 19. g6 Ne5 20. gxf7+ Rxf7 21. Rxf7 Kxf7 22. Qh5+ Kg8 23. Ne2 Bf6 24. Nf4 Qf7 25. Qe2 Qe7 26. Bd4 Nf3+ 27. Qxf3 Bxd4+ 28. Kh1 e5 29. c3 Bc5 30. Nh5 Rf8 31. Qg4 Bc8 32. Qg6 Qf7 33. Qg5 Be3 34. Qxe3 Qxh5 35. Rf1 Rxf1+ 36. Bxf1 Be6 37. Kh2 Qh6 38. Qxh6 gxh6 39. Kg3 Kg7 40. Be2 Kf6 41. Bd1 Kg5 42. Kf3 a5 1/2-1/2

[Event "TUR-chT 1st League"]
[Site "Denizli"]
[Date "2023.07.13"]
[Round "7.83"]
[White "Domurcak, Doruk"]
[Black "Avsar, Gediz"]
[Result "1/2-1/2"]
[WhiteElo "1422"]
[BlackElo "1874"]
[PlyCount "61"]
[EventDate "2023.07.09"]
[EventType "team-swiss"]
[EventRounds "9"]
[EventCountry "TUR"]
[SourceTitle "CBM 215 Extra"]
[Source "ChessBase"]
[SourceDate "2023.09.30"]
[SourceVersion "1"]
[SourceVersionDate "2023.09.30"]
[SourceQuality "1"]
[WhiteTeam "Salihli Sardes"]
[BlackTeam "Karsiyaka Ihtisas"]
[WhiteTeamCountry "TUR"]
[BlackTeamCountry "TUR"]

1. d4 Nf6 2. c4 e6 3. g3 c5 4. Nf3 cxd4 5. Nxd4 d6 6. Bg2 Be7 7. Nc3 0-0 8. 0-0 a6 9. e4 Qc7 10. b3 Nc6 11. Be3 Bd7 12. Rc1 Nxd4 13. Qxd4 Ng4 14. Qb6 Rac8 15. Rfd1 Nxe3 16. Qxe3 Rfd8 17. Ne2 h6 18. Kh1 Qb8 19. Bf1 b5 20. Nd4 Qb7 21. Bd3 Bf6 22. f3 Qb6 23. Nf5 Qxe3 24. Nxe3 Kf8 25. Be2 Ke7 26. Kg2 Bb2 27. Rb1 Bf6 28. Rbc1 b4 29. Rd3 Bc6 30. Bd1 Bb7 31. Bc2 1/2-1/2

[Event "TUR-chT 1st League"]
[Site "Denizli"]
[Date "2023.07.11"]
[Round "4.64"]
[White "Avsar, Gediz"]
[Black "Kaplan, Bahadir"]
[Result "1-0"]
[WhiteElo "1874"]
[BlackElo "1913"]
[PlyCount "50"]
[EventDate "2023.07.09"]
[EventType "team-swiss"]
[EventRounds "9"]
[EventCountry "TUR"]
[SourceTitle "CBM 215 Extra"]
[Source "ChessBase"]
[SourceDate "2023.09.30"]
[SourceVersion "1"]
[SourceVersionDate "2023.09.30"]
[SourceQuality "1"]
[WhiteTeam "Karsiyaka Ihtisas"]
[BlackTeam "Bulancak Ihsaniye Genclik"]
[WhiteTeamCountry "TUR"]
[BlackTeamCountry "TUR"]

1. e4 c5 2. Nf3 a6 3. c3 d5 4. exd5 Nf6 5. c4 e6 6. dxe6 Bxe6 7. Be2 Nc6 8. 0-0 Qd7 9. Nc3 0-0-0 10. d3 Qc7 11. Qa4 Bd6 12. a3 Nd4 13. h3 Bd7 14. Qd1 Nxe2+ 15. Qxe2 Bc6 16. Be3 g5 17. b4 g4 18. hxg4 Nxg4 19. Rfb1 Bh2+ 20. Kf1 Rhe8 21. b5 Nxe3+ 22. fxe3 Bxf3 23. Qxf3 Be5 24. bxa6 bxa6 25. Qa8+ Kd7 1-0

[Event "TUR-ch U13/18"]
[Site "Antalya"]
[Date "2023.01.24"]
[Round "5"]
[White "Cetindag, Alper"]
[Black "Avsar, Gediz"]
[Result "0-1"]
[WhiteElo "1399"]
[BlackElo "1748"]
[PlyCount "94"]
[EventDate "2023.01.17"]
[EventType "swiss"]
[EventRounds "10"]
[EventCountry "TUR"]
[SourceTitle "EXT 2024"]
[Source "ChessBase"]
[SourceDate "2023.10.10"]
[SourceVersion "1"]
[SourceVersionDate "2023.10.10"]
[SourceQuality "1"]

1. e4 c5 2. Nf3 a6 3. c3 d5 4. exd5 Qxd5 5. d4 Nf6 6. Be2 cxd4 7. cxd4 e6 8. Nc3 Qd6 9. Be3 Be7 10. 0-0 0-0 11. Qd2 Nc6 12. Rfd1 Nb4 13. Rac1 Nbd5 14. Ne5 b5 15. Bf3 Bb7 16. Nd3 Rac8 17. Nc5 Ba8 18. N3e4 Nxe4 19. Nxe4 Qb6 20. Rxc8 Rxc8 21. Rc1 Rd8 22. Ng3 Nxe3 23. fxe3 Bxf3 24. gxf3 e5 25. d5 Rxd5 26. Qxd5 Qxe3+ 27. Kg2 Qxc1 28. Qxe5 Bf8 29. Ne4 h6 30. Kh3 Qf1+ 31. Kg3 Qg1+ 32. Kh3 Qg6 33. a3 Qe6+ 34. Qxe6 fxe6 35. Kg4 Kf7 36. Kf4 g5+ 37. Ke3 Kg6 38. b4 Kf5 39. h3 Ke5 40. Kd3 Kf4 41. Ke2 Be7 42. Kf2 Bd8 43. Nd6 Bc7 44. Ne8 Be5 45. Kg2 Ke3 46. h4 Ke2 47. hxg5 hxg5 0-1

[Event "TUR Cup"]
[Site "Adapazari"]
[Date "2022.03.26"]
[Round "2"]
[White "Avsar, Gediz"]
[Black "Sahin, Handenur"]
[Result "1-0"]
[WhiteElo "1506"]
[BlackElo "1997"]
[PlyCount "73"]
[EventDate "2022.03.25"]
[EventType "swiss"]
[EventRounds "11"]
[EventCountry "TUR"]
[SourceTitle "EXT 2023"]
[Source "ChessBase"]
[SourceDate "2022.10.05"]
[SourceVersion "1"]
[SourceVersionDate "2022.10.05"]
[SourceQuality "1"]

1. e4 e5 2. Nf3 Nc6 3. Bb5 a6 4. Ba4 Nf6 5. 0-0 Be7 6. Re1 b5 7. Bb3 d6 8. c3 0-0 9. h3 Nd7 10. d4 Bf6 11. a4 Bb7 12. d5 Ne7 13. Nbd2 Nc5 14. axb5 axb5 15. Rxa8 Qxa8 16. Bc2 c6 17. dxc6 Bxc6 18. Qe2 Ng6 19. Nb3 Ne6 20. g3 d5 21. exd5 Bxd5 22. Nbd2 Qb7 23. Be4 Rd8 24. h4 Nc5 25. Bxd5 Rxd5 26. Ne4 Nxe4 27. Qxe4 Qd7 28. Be3 Bd8 29. h5 f5 30. Qc2 Nf8 31. Qb3 Qf7 32. Bg5 Bc7 33. Bf4 Nd7 34. Ng5 Nc5 35. Qa2 Qd7 36. Rd1 Nd3 37. Rxd3 1-0